[Event "GER Pfingstopen U16"]
[Site "Playchess.com INT"]
[Date "2020.06.05"]
[Round "11"]
[White "Kieselbach, Jannik"]
[Black "Privo, Laurenz"]
[Result "0-1"]
[WhiteElo "1630"]
[BlackElo "1620"]
[PlyCount "54"]
[EventDate "2020.06.05"]
[EventType "swiss (blitz)"]
[EventRounds "11"]
[EventCountry "GER"]
[SourceTitle "CBM 197 Extra"]
[Source "ChessBase"]
[SourceDate "2020.09.30"]
[SourceVersion "1"]
[SourceVersionDate "2020.09.30"]
[SourceQuality "1"]

1. d4 d5 2. e3 e6 3. Bd3 Nf6 4. Nd2 b6 5. f4 Bd6 6. Ngf3 0-0 7. 0-0 c5 8. c3 Bb7 9. Ne5 Nc6 10. Rf3 Ne7 11. Rh3 h6 12. g4 Ne4 13. g5 Bxe5 14. dxe5 Nf5 15. gxh6 gxh6 16. Qg4+ Kh8 17. Qf3 Rg8+ 18. Kf1 Qf8 19. Nxe4 dxe4 20. Bxe4 Bxe4 21. Qxe4 Qg7 22. Qh1 Rad8 23. Ke2 Qg4+ 24. Qf3 Qg1 25. Qf1 Rg2+ 26. Ke1 Rd1+ 27. Kxd1 Qxf1# 0-1